Countries with the Smallest Population - Statistics

General Stats
  • This quiz has been taken 8 times
  • The average score is 8 of 10
Answer Stats
Population Country % Correct
38,350 Monaco
100%
33,700 San Marino
100%
800 Vatican City
100%
79,535 Andorra
86%
11,928 Nauru
86%
17,976 Palau
86%
50,000 Saint Kitts and Nevis
86%
10,778 Tuvalu
86%
39,151 Liechtenstein
71%
72,000 Dominica
43%
No matching quizzes found
Score Distribution
Percent of People with Each Score
Percentile by Number Answered
Your Score History
You have not taken this quiz